Từ điển Toán học và tin học Việt - Anh Khoảng 70000 thuật ngữ

Uloženo v:
Podrobná bibliografie
Médium: Kniha
Jazyk:Undetermined
Vydáno: Hà Nội Khoa học và Kỹ thuật 2006
Témata:
Tagy: Přidat tag
Žádné tagy, Buďte první, kdo otaguje tento záznam!
Thư viện lưu trữ: Trung tâm Học liệu Trường Đại học Cần Thơ
LEADER 00645nam a2200205Ia 4500
001 CTU_162088
008 210402s9999 xx 000 0 und d
020 |c 195000 
082 |a 510.3 
082 |b T550 
245 0 |a Từ điển Toán học và tin học Việt - Anh 
245 0 |b Khoảng 70000 thuật ngữ 
245 0 |c Ban từ điển 
260 |a Hà Nội 
260 |b Khoa học và Kỹ thuật 
260 |c 2006 
650 |a Mathematics, informatics,Từ điển Toán học, tin học 
650 |x Terminology 
910 |a Nguyên 
980 |a Trung tâm Học liệu Trường Đại học Cần Thơ